The Byzantine Empire Quiz - Statistics

General Stats
  • This quiz has been taken 621 times
  • The average score is 12 of 20
Answer Stats
Hint Answer % Correct
Capital Constantinople
96%
Official Language of the Empire Latin
88%
Emperor who brought the empire to the largest size Justinian
85%
People who conquered the Byzantines {Ottoman} Turks
82%
Other name for the Byzantine Empire Eastern Roman Empire
81%
Great Church built in the Capital Hagia Sophia
77%
Wife of the above Theodora
70%
Religions created because of the above Eastern Orthodox
68%
Weapon that created a fire that could not be put out Greek Fire
66%
Emperor who divided Rome into two empires Constantine
65%
Catholic
60%
After being conquered, the above became this Mosque
59%
Plague that affected the empire from 541-542 Bubonic Plague
57%
Who the first Crusade was to get rid of {Seljuk} Turks
52%
Event that happened because Byzantine Church banned Icons Great Schism
50%
Riot that happened in the Capital Nika Revolt
36%
Empire that took North Africa and Middle East from the Byzantines Islamic Caliphate
34%
Major racing track in the capital Hippodrome
33%
Currency of the Empire Byzant
20%
Pope during the above events Pope Leo XI
20%
No matching quizzes found
Score Distribution
Percent of People with Each Score
Percentile by Number Answered
Your Score History
You have not taken this quiz